000 00626nam a2200181 a 4500
001 000034334
005 20200930073638.0
008 110929s2001 es ac 000 0 spa d
020 _a846620408
040 _aDO-SdBNP
_bspa
_cBNPHU
100 1 _aRive Box, Rob de La
_959702
245 1 3 _aLa enciclopedia de los coches de época :
_b1886-1940 /
_cRob de la Rive Box ; traducción, José Luis Tamayo.
260 _aAlcobendas, Madrid :
_bLibsa,
_c2001.
300 _a336 p. :
_bil., retrs. ;
_c24 cm.
534 _aTítulo original
_kVintage and veteran car encyclopaedia
700 1 _aTamayo, José Luis,
_959703
049 _aBNPD
999 _c33825
_d33825